logo

Bir Sreshtho Munshi Abdur Rouf Library
Jhenaidah Cadet College

ভূত নিয়ে মনোসিনেশন / (Record no. 3997)

MARC details
000 -LEADER
fixed length control field 00672nam a2200229 a 4500
001 - CONTROL NUMBER
JCCL Control Number 3997
003 - CONTROL NUMBER IDENTIFIER
JCCL marc code BD-JhCC
005 - DATE AND TIME OF LATEST TRANSACTION
control field 20171120192413.0
008 - FIXED-LENGTH DATA ELEMENTS--GENERAL INFORMATION
fixed length control field 171120s2005 bg a|||| ||a| 000 0 ben d
020 ## - INTERNATIONAL STANDARD BOOK NUMBER
International Standard Book Number 9843108140
035 ## - SYSTEM CONTROL NUMBER
system control number (BD-JhCC) 3997
040 ## - CATALOGING SOURCE
Original cataloging agency BD-JhCC
Modifying agency BD-JhCC
041 ## - LANGUAGE CODE
Language code of Book ben
082 ## - DEWEY DECIMAL CLASSIFICATION NUMBER
Classification number 891.443
Author mark and Year HAN 2005
100 ## - MAIN ENTRY--PERSONAL NAME
Personal name হান্নান, মোহাম্মদ
245 ## - TITLE STATEMENT
Title ভূত নিয়ে মনোসিনেশন /
Statement of responsibility, etc মোহাম্মদ হান্নান
260 ## - PUBLICATION, DISTRIBUTION, ETC. (IMPRINT)
Place of publication, distribution, etc ঢাকা :
Name of publisher, distributor, etc উত্তরণ ,
Date of publication, distribution, etc 2005
300 ## - PHYSICAL DESCRIPTION
Pagination 24 p .:
Dimensions 25 cm .
650 ## - SUBJECT ADDED ENTRY--TOPICAL TERM
Topical term or geographic name as entry element Children Novel
942 ## - ADDED ENTRY ELEMENTS (KOHA)
Source of classification or shelving scheme Dewey Decimal Classification
Koha item type Books

No items available.


JCC Library | Contacts | JCC Home

Last Update on 23 September 2017
Copyright @ 2017-2020 JCC Rouf Library
Rouf Library, Jhenidah Cadet College (JCC), Bangladesh